[Event "4NCL Division 3 North"]
[Site "Doncaster, ENG"]
[Date "2017.11.12"]
[Round "2.53"]
[White "Timson, Paul F"]
[Black "Edwards, Simon R"]
[Result "0-1"]
[WhiteElo "2027"]
[BlackElo "1939"]
[PlyCount "96"]
[EventDate "2017.11.12"]
[WhiteTeam "Manchester Manticores 2"]
[BlackTeam "Cheddleton 2"]

1. d4 Nf6 2. c4 e6 3. Nc3 Bb4 4. e3 O-O 5. Nge2 c6 6. a3 Ba5 7. g3 d5 8. c5 Bc7
9. Bg2 e5 10. dxe5 Bxe5 11. O-O a5 12. f4 Bxc3 13. Nxc3 Bf5 14. Ne2 a4 15. Nc3
Qa5 16. Bd2 Qa7 17. Ne2 Re8 18. Rc1 Nbd7 19. Nd4 Bd3 20. Re1 Nxc5 21. Bb4 Bc4
22. Bf1 Nb3 23. Nxb3 Bxb3 24. Qf3 Ne4 25. Bd3 c5 26. Bc3 Nxc3 27. bxc3 c4 28.
Bb1 Qc5 29. Qh5 g6 30. Qf3 Rad8 31. f5 Qxa3 32. Qg4 Qd6 33. fxg6 fxg6 34. h4 a3
35. h5 a2 36. Bf5 Re7 37. Kg2 Rf8 38. hxg6 hxg6 39. Rf1 Kg7 40. Bxg6 Qxg6 41.
Qxg6+ Kxg6 42. Rxf8 Rxe3 43. Rcf1 Bc2 44. Rg8+ Kh7 45. Rg5 Be4+ 46. Kg1 Re2 47.
Ra1 Rg2+ 48. Kf1 Rh2 0-1

[Event "4NCL Division 3 North"]
[Site "Doncaster, ENG"]
[Date "2017.11.12"]
[Round "2.54"]
[White "Floresc, Petru"]
[Black "Mulleady, Peter J"]
[Result "1-0"]
[WhiteElo "1745"]
[BlackElo "2065"]
[PlyCount "123"]
[EventDate "2017.11.12"]
[WhiteTeam "Cheddleton 2"]
[BlackTeam "Manchester Manticores 2"]

1. e4 Nf6 2. Nc3 e5 3. Nf3 Nc6 4. Bc4 Bb4 5. Qe2 d6 6. Nd5 Nxd5 7. Bxd5 O-O 8.
c3 Bc5 9. b4 Bb6 10. h3 Ne7 11. Bb3 Ng6 12. d4 a5 13. b5 a4 14. Bd5 Ba5 15. Qc4
exd4 16. Qxd4 Ne5 17. Nxe5 dxe5 18. Qc4 c6 19. bxc6 bxc6 20. Qxc6 Rb8 21. O-O
Bd7 22. Qc5 Rc8 23. Qa7 Bxc3 24. Ba3 Bxa1 25. Rxa1 Re8 26. Rd1 Qc7 27. Bxf7+
Kh8 28. Rxd7 Qxa7 29. Rxa7 Ra8 30. Rxa8 Rxa8 31. Bd6 Rc8 32. Bxe5 Rc1+ 33. Kh2
Rc2 34. Kg3 h6 35. h4 Kh7 36. h5 Rc5 37. Bd4 Rc7 38. Bd5 g6 39. hxg6+ Kxg6 40.
Kh4 Rc2 41. g4 a3 42. Kg3 Rd2 43. Bc5 Rd3+ 44. Kf4 h5 45. gxh5+ Kxh5 46. Bb3
Kg6 47. Bxa3 Rd2 48. Ke3 Rd8 49. f4 Rh8 50. Bb2 Rh3+ 51. Kd4 Rh4 52. f5+ Kf6
53. Kd5+ Ke7 54. Ke5 Rh2 55. Ba3+ Ke8 56. Ke6 Rh7 57. e5 Ra7 58. Bd6 Rh7 59.
Kf6 Ra7 60. Kg6 Ra6 61. f6 Kd7 62. f7 1-0

[Event "4NCL Division 3 North"]
[Site "Doncaster, ENG"]
[Date "2017.11.12"]
[Round "2.56"]
[White "Parry, Samuel"]
[Black "Jaques, Andrew"]
[Result "0-1"]
[WhiteElo "1471"]
[BlackElo "1967"]
[PlyCount "48"]
[EventDate "2017.11.12"]
[WhiteTeam "Cheddleton 2"]
[BlackTeam "Manchester Manticores 2"]

1. d4 Nf6 2. Bg5 c6 3. Nf3 d5 4. e3 Bf5 5. Bxf6 exf6 6. Bd3 Bg6 7. O-O Bd6 8.
c4 dxc4 9. Bxc4 O-O 10. Nc3 Nd7 11. Bd3 f5 12. Qc2 f4 13. e4 Bc7 14. d5 Ne5 15.
Nd2 Qh4 16. f3 Rad8 17. Nc4 Nxc4 18. Bxc4 b5 19. Bd3 Bb6+ 20. Kh1 b4 21. dxc6
bxc3 22. Qxc3 Rd6 23. Ba6 Bf5 24. exf5 Qxh2+ 0-1

[Event "4NCL Division 3 North"]
[Site "Doncaster, ENG"]
[Date "2017.11.12"]
[Round "2.61"]
[White "Kavon, Rastislav"]
[Black "Collins, Richard A"]
[Result "1-0"]
[WhiteElo "2243"]
[BlackElo "1937"]
[PlyCount "93"]
[EventDate "2017.11.12"]
[WhiteTeam "Castleford Roses"]
[BlackTeam "Manchester Manticores 3"]

1. e4 c6 2. d4 d5 3. Nc3 dxe4 4. Nxe4 Nf6 5. Nxf6+ exf6 6. Nf3 Bd6 7. Be2 O-O
8. O-O Bf5 9. c3 Nd7 10. Be3 Re8 11. Qd2 Nf8 12. Nh4 Bd7 13. Bd3 Qc7 14. g3 Ng6
15. Nxg6 hxg6 16. Rfe1 Rad8 17. Rad1 Bg4 18. Be2 Bxe2 19. Qxe2 a6 20. Qf3 Rd7
21. Bf4 Rxe1+ 22. Rxe1 Re7 23. Rxe7 Qxe7 24. Bxd6 Qxd6 25. Qe3 Kf8 26. b3 g5
27. c4 Qe6 28. Qd3 Ke7 29. Kg2 Kd7 30. Qe3 Qd6 31. h3 Kd8 32. Kh2 Kd7 33. Qc3
Qe7 34. Qf3 Qd6 35. Qf5+ Kc7 36. Qa5+ b6 37. Qxa6 Qxd4 38. Qa7+ Kc8 39. Kg1
Qd1+ 40. Kg2 Qd4 41. Qxf7 Qe4+ 42. Kh2 Qe2 43. Qf8+ Kb7 44. Qxg7+ Ka6 45. Qxf6
Qxa2 46. Kg2 c5 47. Qc6 1-0

[Event "4NCL Division 3 North"]
[Site "Doncaster, ENG"]
[Date "2017.11.12"]
[Round "2.62"]
[White "Hilton, Tim"]
[Black "Lintner, Igor"]
[Result "1-0"]
[WhiteElo "1967"]
[BlackElo "2175"]
[PlyCount "78"]
[EventDate "2017.11.12"]
[WhiteTeam "Manchester Manticores 3"]
[BlackTeam "Castleford Roses"]

1. c4 b6 2. Nc3 Bb7 3. e4 e6 4. g3 Bb4 5. Nge2 f5 6. Bg2 Nf6 7. f3 O-O 8. O-O
fxe4 9. fxe4 e5 10. d4 exd4 11. Nxd4 Bxc3 12. bxc3 Re8 13. Bg5 Nc6 14. Nf5 Ne5
15. Nxg7 Kxg7 16. Bxf6+ Qxf6 17. Rxf6 Kxf6 18. Qh5 Kg7 19. Rf1 Ng6 20. Qf5 Re7
21. h4 Rf8 22. Qg4 Rxf1+ 23. Kxf1 Kf8 24. Kg1 Ba6 25. c5 Bc4 26. h5 Ne5 27.
Qf4+ Ke8 28. Qf6 Bg8 29. cxb6 axb6 30. a4 Nc4 31. g4 Nb2 32. g5 Nxa4 33. g6
hxg6 34. hxg6 Nc5 35. e5 c6 36. Qd6 Kf8 37. g7+ Ke8 38. Qb8+ Kf7 39. Qf8+ Kg6
1-0

[Event "4NCL Division 3 North"]
[Site "Doncaster, ENG"]
[Date "2017.11.12"]
[Round "2.63"]
[White "Meszaros, Norbert"]
[Black "Altham, John T"]
[Result "1-0"]
[WhiteElo "2149"]
[BlackElo "1892"]
[PlyCount "43"]
[EventDate "2017.11.12"]
[WhiteTeam "Castleford Roses"]
[BlackTeam "Manchester Manticores 3"]

1. e4 d6 2. Bc4 Nf6 3. d3 Nbd7 4. Nf3 h6 5. O-O e5 6. c3 Be7 7. Nbd2 c6 8. a4
a5 9. Re1 Qc7 10. Nf1 Nf8 11. Qb3 Ne6 12. Ng3 g6 13. d4 Bf8 14. Be3 Ng4 15.
dxe5 Nxe5 16. Nxe5 dxe5 17. Bb6 Qe7 18. Rad1 Bg7 19. f4 exf4 20. Nf5 gxf5 21.
exf5 O-O 22. fxe6 1-0

[Event "4NCL Division 3 North"]
[Site "Doncaster, ENG"]
[Date "2017.11.12"]
[Round "2.64"]
[White "Lyth, John D"]
[Black "Meszarosova, Eva"]
[Result "1/2-1/2"]
[WhiteElo "1900"]
[BlackElo "1818"]
[PlyCount "74"]
[EventDate "2017.11.12"]
[WhiteTeam "Manchester Manticores 3"]
[BlackTeam "Castleford Roses"]

1. d4 Nf6 2. Nf3 e6 3. g3 d5 4. Bg2 Be7 5. O-O O-O 6. c4 b6 7. Nc3 Bb7 8. cxd5
Nxd5 9. Nxd5 Bxd5 10. Qc2 Nd7 11. e4 Bb7 12. Be3 c5 13. Rfd1 Qc8 14. d5 exd5
15. exd5 Bd6 16. Bh3 Qc7 17. Ng5 g6 18. Ne4 Be5 19. Bh6 Rfe8 20. Bg5 f5 21. Nc3
a6 22. Bg2 Qd6 23. Re1 b5 24. Rad1 Kg7 25. Ne2 h6 26. Be3 Kh7 27. Nf4 Rac8 28.
Qc1 Nf6 29. h3 Ng8 30. Nd3 Bd4 31. Bf4 Qb6 32. Ne5 g5 33. Qc2 Qf6 34. Ng4 Qg6
35. Ne5 Qf6 36. Ng4 Qg6 37. Ne5 Qf6 1/2-1/2

[Event "4NCL Division 3 North"]
[Site "Doncaster, ENG"]
[Date "2017.11.12"]
[Round "2.65"]
[White "Koselova, Zuzana"]
[Black "Potter, Steven"]
[Result "1-0"]
[WhiteElo "1822"]
[BlackElo "1870"]
[PlyCount "143"]
[EventDate "2017.11.12"]
[WhiteTeam "Castleford Roses"]
[BlackTeam "Manchester Manticores 3"]

1. e4 e6 2. d4 b6 3. Be3 Bb7 4. Nd2 Nf6 5. Bd3 Nc6 6. h3 Nb4 7. f4 Nxd3+ 8.
cxd3 Be7 9. Ngf3 d6 10. Rc1 c5 11. O-O h6 12. Qe1 Rc8 13. Qg3 Bf8 14. f5 Nh5
15. Qg4 Nf6 16. Qh4 Nh7 17. Qg3 exf5 18. exf5 Qf6 19. Rce1 Be7 20. Bf4 O-O 21.
Ne4 Bxe4 22. Rxe4 Rfd8 23. Bxh6 Qxh6 24. Rxe7 cxd4 25. Nxd4 Rc1 26. Rfe1 a5 27.
Kh2 Rxe1 28. Rxe1 d5 29. Qc7 Rd6 30. Re8+ Nf8 31. Ne6 Rxe6 32. fxe6 fxe6 33.
Rb8 Qf6 34. Rxb6 Nd7 35. Ra6 Ne5 36. Ra8+ Kh7 37. Qc2 Ng4+ 38. Kg1 Qd4+ 39. Kh1
Nf2+ 40. Kh2 Qe5+ 41. g3 Qe1 42. d4+ Ne4 43. Qg2 Qb4 44. Qe2 g6 45. Ra7+ Kh6
46. Qe3+ g5 47. b3 Qa3 48. Qe2 Qb4 49. Ra6 Qe7 50. Qg4 Nd6 51. Rxa5 Qf6 52. Kg2
Nf5 53. Qe2 Nxd4 54. Qf2 Qe5 55. Ra4 Qe4+ 56. Kh2 Nf3+ 57. Kh1 Nd4+ 58. Kg1
Nf3+ 59. Kf1 Qb1+ 60. Kg2 Ne1+ 61. Kh2 Kg6 62. Ra7 Qf5 63. Qxe1 Qc2+ 64. Kh1
Qc6 65. Qb1+ Kf6 66. Qf1+ Ke5 67. Qe2+ Kf6 68. Ra6 Qc1+ 69. Kh2 Qc8 70. b4 Kf5
71. b5 Qc5 72. Qf3+ 1-0

[Event "4NCL Division 3 North"]
[Site "Doncaster, ENG"]
[Date "2017.11.12"]
[Round "2.66"]
[White "Livesey, R Nigel"]
[Black "Sucikova, Katarina"]
[Result "1-0"]
[WhiteElo "1840"]
[BlackElo "1652"]
[PlyCount "99"]
[EventDate "2017.11.12"]
[WhiteTeam "Manchester Manticores 3"]
[BlackTeam "Castleford Roses"]

1. c4 Nf6 2. g3 e6 3. Bg2 c5 4. Nf3 d6 5. Nc3 Bd7 6. O-O Be7 7. d4 cxd4 8. Nxd4
Nc6 9. Ndb5 d5 10. cxd5 Nxd5 11. Nxd5 exd5 12. Bxd5 Na5 13. Nc3 Bc6 14. Bf4 Bf6
15. Bxc6+ Nxc6 16. Nd5 Be5 17. Bxe5 Nxe5 18. Qd4 Qd6 19. Kg2 O-O 20. e4 Nc6 21.
Qd2 Rad8 22. Rad1 f5 23. f3 Rfe8 24. Rfe1 Re5 25. Qc2 fxe4 26. fxe4 Rde8 27.
Nc3 Qe6 28. Rd2 Nb4 29. Qa4 Nc6 30. Red1 Rh5 31. Qb3 Qxb3 32. axb3 Rhe5 33. Rd7
R8e7 34. Kf3 Kf7 35. Ke3 Na5 36. Rxe7+ Kxe7 37. Nd5+ Ke6 38. Rd3 b6 39. Rc3 Kd6
40. Kd4 Rh5 41. h4 Nc6+ 42. Ke3 Re5 43. b4 h6 44. b5 Nd8 45. b4 g5 46. Rc8 Ne6
47. Rc6+ Kd7 48. Nf6+ Ke7 49. Ng4 gxh4 50. Nxe5 1-0

[Event "4NCL Division 3 North"]
[Site "Doncaster, ENG"]
[Date "2017.11.12"]
[Round "2.71"]
[White "Somton, Anita"]
[Black "Rahulan, Thivyaa"]
[Result "1/2-1/2"]
[WhiteElo "1967"]
[BlackElo "1795"]
[PlyCount "70"]
[EventDate "2017.11.12"]
[WhiteTeam "Ashfield-Breadsall 2"]
[BlackTeam "Manchester Manticores 4"]

1. e4 e6 2. d4 d5 3. Nc3 Nf6 4. Bg5 Be7 5. e5 Nfd7 6. h4 Bxg5 7. hxg5 Qxg5 8.
Nf3 Qe7 9. Qd2 Nc6 10. O-O-O Nb6 11. Ng5 h6 12. Qf4 Bd7 13. Nb5 O-O-O 14. Nf3
a6 15. Nc3 Kb8 16. g4 Na5 17. Bd3 Nac4 18. Nd2 Nxd2 19. Rxd2 Rc8 20. Rhd1 Rhf8
21. Kb1 Bb5 22. Nxb5 axb5 23. Qe3 Nc4 24. Bxc4 bxc4 25. Qc3 c5 26. Qa3 Qc7 27.
f4 Qc6 28. Ka1 b5 29. dxc5 Qxc5 30. b4 Qb6 31. c3 Kb7 32. Qb2 f5 33. Rg2 Rc7
34. Qd2 Rcf7 35. gxf5 Rxf5 1/2-1/2

[Event "4NCL Division 3 North"]
[Site "Doncaster, ENG"]
[Date "2017.11.12"]
[Round "2.72"]
[White "Raghavendra, Mahima"]
[Black "Naylor, Michael A"]
[Result "1/2-1/2"]
[WhiteElo "1810"]
[BlackElo "1937"]
[PlyCount "86"]
[EventDate "2017.11.12"]
[WhiteTeam "Manchester Manticores 4"]
[BlackTeam "Ashfield-Breadsall 2"]

1. d4 d5 2. c4 e6 3. Nf3 Nf6 4. g3 Bb4+ 5. Bd2 Be7 6. Bg2 Nbd7 7. O-O O-O 8.
cxd5 exd5 9. Nc3 c6 10. Re1 Re8 11. e4 Nxe4 12. Nxe4 dxe4 13. Rxe4 Nf6 14. Re1
Be6 15. Bc3 Bd5 16. Qc2 Qc7 17. Ne5 Bxg2 18. Kxg2 Nd5 19. Bd2 Bb4 20. Bxb4 Nxb4
21. Qb3 Nd5 22. Rac1 Rad8 23. Nf3 Re7 24. Rxe7 Qxe7 25. Re1 Qc7 26. Qd3 f6 27.
Qe2 Qf7 28. a3 Rd7 29. Qc2 g6 30. Qc5 a6 31. Nd2 Kg7 32. Nc4 Nc7 33. Nb6 Ne6
34. Qc3 Rd8 35. d5 Rxd5 36. Nxd5 cxd5 37. Qe3 Nd8 38. Qc5 Nc6 39. b4 Qd7 40. a4
Kf7 41. b5 axb5 42. axb5 Ne5 43. Rd1 Ke6 1/2-1/2

[Event "4NCL Division 3 North"]
[Site "Doncaster, ENG"]
[Date "2017.11.12"]
[Round "2.73"]
[White "Flynn, David"]
[Black "Lonsdale, Jon I"]
[Result "1-0"]
[WhiteElo "1868"]
[BlackElo "1832"]
[PlyCount "51"]
[EventDate "2017.11.12"]
[WhiteTeam "Ashfield-Breadsall 2"]
[BlackTeam "Manchester Manticores 4"]

1. e4 c5 2. c3 Nf6 3. e5 Nd5 4. d4 cxd4 5. cxd4 d6 6. Nf3 e6 7. a3 Be7 8. Bd3
Bd7 9. O-O Bc6 10. Qc2 h6 11. Qe2 a6 12. Bd2 Nd7 13. Nc3 Nxc3 14. Bxc3 Qb8 15.
Rae1 O-O 16. Kh1 Nb6 17. Bd2 Re8 18. Bf4 Bxf3 19. Qxf3 d5 20. Bb1 Bf8 21. h4 g6
22. h5 g5 23. Qd3 Bg7 24. Bd2 Nc4 25. Qh7+ Kf8 26. Bb4+ 1-0

[Event "4NCL Division 3 North"]
[Site "Doncaster, ENG"]
[Date "2017.11.12"]
[Round "2.74"]
[White "Gawne, Martin"]
[Black "Taylor, Robert P"]
[Result "1/2-1/2"]
[WhiteElo "1817"]
[BlackElo "1822"]
[PlyCount "96"]
[EventDate "2017.11.12"]
[WhiteTeam "Manchester Manticores 4"]
[BlackTeam "Ashfield-Breadsall 2"]

1. b3 Nf6 2. Bb2 g6 3. e4 d6 4. g3 e5 5. Bg2 Bg7 6. d4 exd4 7. Bxd4 O-O 8. c4
Re8 9. f3 Nbd7 10. Ne2 Nh5 11. Bxg7 Nxg7 12. Na3 Ne5 13. O-O Be6 14. Nc2 f5 15.
Nc3 c6 16. Kh1 Qc7 17. Qd2 Rad8 18. Rad1 Qe7 19. Qe3 Rd7 20. Rf2 fxe4 21. Nxe4
a5 22. Qc3 Red8 23. Qxa5 d5 24. Nc5 Rd6 25. Nxe6 Nxe6 26. Rfd2 dxc4 27. Rxd6
Rxd6 28. Rxd6 Qxd6 29. Qe1 cxb3 30. axb3 c5 31. f4 Nd3 32. Qd2 b5 33. Be4 c4
34. bxc4 bxc4 35. Ne3 Qd4 36. Bd5 c3 37. Bxe6+ Kg7 38. Qe2 Qe4+ 39. Kg1 c2 40.
Qxc2 Qxe3+ 41. Kf1 Qe1+ 42. Kg2 Nxf4+ 43. gxf4 Qxe6 44. Qc3+ Qf6 45. Qd2 h5 46.
Qf2 Qc6+ 47. Kg3 Qc3+ 48. Kg2 Qf6 1/2-1/2

[Event "4NCL Division 3 North"]
[Site "Doncaster, ENG"]
[Date "2017.11.12"]
[Round "2.75"]
[White "Hill, Maurice J"]
[Black "Barooah, Michael"]
[Result "1-0"]
[WhiteElo "1809"]
[BlackElo "1735"]
[PlyCount "83"]
[EventDate "2017.11.12"]
[WhiteTeam "Ashfield-Breadsall 2"]
[BlackTeam "Manchester Manticores 4"]

1. g3 d5 2. Bg2 Nf6 3. Nf3 c6 4. O-O Nbd7 5. d4 e6 6. b3 Bd6 7. Bb2 Qc7 8. Nbd2
e5 9. dxe5 Nxe5 10. Re1 O-O 11. e4 Nxe4 12. Nxe4 dxe4 13. Nxe5 Bxe5 14. Bxe5
Qxe5 15. Bxe4 Qc5 16. Qd3 f5 17. Bg2 f4 18. gxf4 Bf5 19. Be4 Bxe4 20. Rxe4 Rf7
21. Re5 Qf8 22. f5 Rd8 23. Qe4 Rfd7 24. Re1 Rd5 25. f4 Qf7 26. Qf3 Rf8 27. c4
Rxe5 28. Rxe5 Re8 29. Qe4 Kf8 30. Rxe8+ Qxe8 31. Qxe8+ Kxe8 32. Kf2 Ke7 33. Ke3
Kd7 34. c5 b6 35. b4 b5 36. Ke4 Ke7 37. Ke5 a6 38. h3 h6 39. h4 h5 40. a3 Kd7
41. f6 gxf6+ 42. Kxf6 1-0

[Event "4NCL Division 3 North"]
[Site "Doncaster, ENG"]
[Date "2017.11.12"]
[Round "2.76"]
[White "Pardoe, David"]
[Black "Graham, Neil"]
[Result "0-1"]
[WhiteElo "1787"]
[BlackElo "1800"]
[PlyCount "118"]
[EventDate "2017.11.12"]
[WhiteTeam "Manchester Manticores 4"]
[BlackTeam "Ashfield-Breadsall 2"]

1. d4 d5 2. c4 Bf5 3. Nc3 e6 4. e3 Nf6 5. Bd3 Bg6 6. h4 Nc6 7. a3 Bxd3 8. Qxd3
dxc4 9. Qxc4 a6 10. Nf3 Nd5 11. b4 Nxc3 12. Qxc3 Qd5 13. Bb2 Be7 14. Rc1 a5 15.
bxa5 Qxa5 16. e4 Bf6 17. Qxa5 Rxa5 18. e5 Be7 19. Rc3 Rb5 20. Bc1 O-O 21. O-O
Ra8 22. Rd1 h6 23. g3 Rb1 24. Nd2 Rb5 25. Nf3 Rd8 26. Kg2 f6 27. Bf4 fxe5 28.
Nxe5 Nxe5 29. Bxe5 Rxe5 30. Rxc7 Bf8 31. Rxb7 Red5 32. a4 Rxd4 33. Ra1 R4d7 34.
Rb6 Rd6 35. Rb7 Ra6 36. Rc7 Rd4 37. Rb1 Ra8 38. Re1 e5 39. Rb7 e4 40. Rc1 Rdxa4
41. Re1 Rc8 42. Re2 Rd4 43. Ra2 Re8 44. Re2 Rd3 45. Rbb2 e3 46. fxe3 Rdxe3 47.
Rec2 Bd6 48. Rc6 Bxg3 49. Rb7 Bxh4 50. Rg6 Bf6 51. Rb6 Kf7 52. Rg4 Re2+ 53. Kf1
Rb2 54. Rc6 Ra8 55. Rc7+ Kf8 56. Rc1 Rh2 57. Kg1 Rd2 58. Rf4 Kg8 59. Kf1 Ra1
0-1

[

[Event "4NCL Division 3 North"]
[Site "Wakefield, ENG"]
[Date "2017.11.12"]
[Round "2.81"]
[White "Ackley, Peter J E"]
[Black "Paul, Nathanael"]
[Result "1/2-1/2"]
[WhiteElo "2029"]
[BlackElo "1997"]
[PlyCount "51"]
[EventDate "2017.11.12"]
[WhiteTeam "Spirit of Atticus B"]
[BlackTeam "Shropshire 2"]

1. d4 d5 2. Nc3 Nf6 3. Bg5 c6 4. e3 Nbd7 5. f4 e6 6. Bd3 Be7 7. Nf3 c5 8. O-O
O-O 9. Kh1 a6 10. Ne5 Qc7 11. Qf3 c4 12. Be2 b5 13. Qg3 g6 14. Qh4 Bd8 15. Rf3
b4 16. Rh3 bxc3 17. Nxd7 Qxd7 18. Bxf6 h5 19. bxc3 Bxf6 20. Qxf6 Qd8 21. Qxd8
Rxd8 22. Rf3 Rb8 23. Rff1 Rb2 24. Rfc1 Bd7 25. Kg1 Ba4 26. Bd1 1/2-1/2

[Event "4NCL Division 3 North"]
[Site "Doncaster, ENG"]
[Date "2017.11.12"]
[Round "2.82"]
[White "Lewis, Christopher D"]
[Black "Bimpson, Tom"]
[Result "0-1"]
[WhiteElo "1907"]
[BlackElo "2009"]
[PlyCount "84"]
[EventDate "2017.11.12"]
[WhiteTeam "Shropshire 2"]
[BlackTeam "Spirit of Atticus B"]

1. e4 d6 2. d4 Nf6 3. Nc3 Nbd7 4. Nf3 e5 5. Bc4 Be7 6. O-O c6 7. Re1 h6 8. a4
a5 9. b3 Qc7 10. Ba3 Nf8 11. dxe5 dxe5 12. Bxe7 Qxe7 13. Qe2 Ng6 14. g3 O-O 15.
Qe3 Bg4 16. Rad1 Rfd8 17. Kg2 Nh5 18. h3 Bxf3+ 19. Kxf3 Nf8 20. Qb6 Nh7 21. Kg2
Rxd1 22. Rxd1 Ng5 23. h4 Nh7 24. Rd2 g5 25. hxg5 Nxg5 26. f3 Kh7 27. Nd1 Rg8
28. g4 Nxe4 29. fxe4 Rxg4+ 30. Kf1 Qg5 31. Re2 Ng3+ 32. Ke1 Nxe2 33. Bxe2 Rg1+
34. Bf1 Rg4 35. Qxb7 Rxe4+ 36. Be2 Qh4+ 37. Kd2 Rd4+ 38. Bd3+ Kg7 39. Kc1 Qf4+
40. Kb1 e4 41. Be2 Rd2 42. Bh5 Rh2 0-1

[Event "4NCL Division 3 North"]
[Site "Doncaster, ENG"]
[Date "2017.11.12"]
[Round "2.83"]
[White "Johnson, Michael D"]
[Black "Hinchcliffe, Gary"]
[Result "1-0"]
[WhiteElo "1981"]
[BlackElo "1877"]
[PlyCount "63"]
[EventDate "2017.11.12"]
[WhiteTeam "Spirit of Atticus B"]
[BlackTeam "Shropshire 2"]

1. Nf3 Nf6 2. g3 d5 3. Bg2 Bf5 4. O-O e6 5. d4 Bd6 6. b3 Nbd7 7. Bb2 O-O 8. c4
c6 9. Nc3 Ne4 10. Nd2 Nxc3 11. Bxc3 Nf6 12. f3 Bc7 13. e4 dxe4 14. fxe4 Bg4 15.
Qc2 Bb6 16. c5 Bc7 17. Nc4 Qe7 18. b4 b5 19. Ne3 Rad8 20. Rxf6 Qxf6 21. Nxg4
Qg5 22. Nf2 f5 23. e5 f4 24. Nh3 Qg4 25. Nxf4 Rxf4 26. gxf4 Qxf4 27. Qe4 Qg5
28. Rf1 Rf8 29. Rxf8+ Kxf8 30. Qe2 h5 31. Bd2 Qg6 32. Qe4 1-0

[Event "4NCL Division 3 North"]
[Site "Doncaster, ENG"]
[Date "2017.11.12"]
[Round "2.84"]
[White "Ross, Stuart"]
[Black "Phillips, David A"]
[Result "0-1"]
[WhiteElo "1667"]
[BlackElo "1942"]
[PlyCount "100"]
[EventDate "2017.11.12"]
[WhiteTeam "Shropshire 2"]
[BlackTeam "Spirit of Atticus B"]

1. e4 c5 2. Nf3 Nc6 3. d4 cxd4 4. Nxd4 Nf6 5. Nc3 e5 6. Ndb5 d6 7. Bg5 a6 8.
Na3 Be6 9. Nc4 Rc8 10. Nd5 Bxd5 11. Bxf6 gxf6 12. Qxd5 Nb4 13. Qd2 d5 14. exd5
Qxd5 15. Qxd5 Nxd5 16. c3 b5 17. Ne3 Nb6 18. Bd3 Bc5 19. Ke2 Bxe3 20. fxe3 Ke7
21. Rhd1 Rhg8 22. g3 h5 23. Bf5 Rcd8 24. b3 h4 25. g4 a5 26. h3 Rxd1 27. Rxd1
Rd8 28. Rxd8 Kxd8 29. Be4 Kc7 30. Kd3 Kd6 31. Bh7 Nd7 32. b4 axb4 33. cxb4 Nf8
34. Bf5 Kd5 35. a3 Kd6 36. e4 Ng6 37. Bxg6 fxg6 38. Ke3 Ke6 39. Kd3 f5 40.
exf5+ gxf5 41. gxf5+ Kxf5 42. Ke3 Ke6 43. Ke4 Kd6 44. Ke3 Kd5 45. Kd3 e4+ 46.
Ke3 Ke5 47. Ke2 Kd4 48. Kd2 e3+ 49. Ke2 Ke4 50. Ke1 Kd3 0-1

[Event "4NCL Division 3 North"]
[Site "Doncaster, ENG"]
[Date "2017.11.12"]
[Round "2.85"]
[White "Mort, Andrew J"]
[Black "Paul, Christopher"]
[Result "1-0"]
[WhiteElo "1900"]
[BlackElo "1637"]
[PlyCount "45"]
[EventDate "2017.11.12"]
[WhiteTeam "Spirit of Atticus B"]
[BlackTeam "Shropshire 2"]

1. c4 c5 2. g3 g6 3. Bg2 Bg7 4. Nc3 Nc6 5. e4 e6 6. Nge2 Nge7 7. O-O O-O 8. d3
a6 9. Be3 b6 10. Qd2 Ne5 11. h3 Rb8 12. f4 N5c6 13. g4 f5 14. d4 cxd4 15. Nxd4
Nxd4 16. Bxd4 Bb7 17. Rad1 Bxd4+ 18. Qxd4 Bc6 19. Rd2 Qc7 20. Qd6 Qxd6 21. Rxd6
Rfd8 22. Rfd1 Nc8 23. Rxc6 1-0

[Event "4NCL Division 3 North"]
[Site "Doncaster, ENG"]
[Date "2017.11.12"]
[Round "2.91"]
[White "O'Neill, Paul Sean"]
[Black "Dean, Robert A"]
[Result "0-1"]
[WhiteElo "1956"]
[BlackElo "1845"]
[PlyCount "68"]
[EventDate "2017.11.12"]
[WhiteTeam "Enniscorthy"]
[BlackTeam "Bradford DCA Knights C"]

1. d4 d5 2. c4 c6 3. Nf3 Nf6 4. Nc3 e6 5. Bg5 dxc4 6. e4 b5 7. e5 h6 8. Bh4 g5
9. Nxg5 hxg5 10. Bxg5 Nbd7 11. exf6 Bb7 12. g3 Qb6 13. Bg2 b4 14. Na4 Qa6 15.
O-O O-O-O 16. a3 c5 17. dxc5 Bxg2 18. Kxg2 Nxc5 19. Qf3 Nxa4 20. axb4 Bxb4 21.
Rfc1 Kb8 22. b3 cxb3 23. Qxb3 Qb7+ 24. f3 Nc5 25. Qa2 Rd3 26. Bf4+ Ka8 27. Rcb1
Qxf3+ 28. Kg1 Ra3 29. Qc2 Rxa1 30. Rxa1 Nd3 31. Qg2 Bc5+ 32. Kh1 Nf2+ 33. Kg1
Ng4+ 34. Kh1 Rxh2# 0-1

[Event "4NCL Division 3 North"]
[Site "Doncaster, ENG"]
[Date "2017.11.12"]
[Round "2.92"]
[White "Khan, Karim"]
[Black "Plaza Reino, Agustin"]
[Result "0-1"]
[WhiteElo "1742"]
[BlackElo "1906"]
[PlyCount "92"]
[EventDate "2017.11.12"]
[WhiteTeam "Bradford DCA Knights C"]
[BlackTeam "Enniscorthy"]

1. Nf3 d5 2. b3 c5 3. Bb2 Nf6 4. e3 e6 5. d3 Nc6 6. Nbd2 Qc7 7. c4 e5 8. cxd5
Nxd5 9. Be2 Bd6 10. Rc1 f5 11. Nc4 Be6 12. Qc2 Ndb4 13. Qb1 Bxc4 14. Rxc4 b5
15. Rc1 Qa5 16. O-O Qxa2 17. Qxa2 Nxa2 18. Ra1 Nab4 19. d4 e4 20. Bxb5 exf3 21.
d5 O-O 22. Bxc6 Nxc6 23. dxc6 Rfc8 24. gxf3 Rxc6 25. Rfd1 Rb8 26. Rd5 Rxb3 27.
Ba3 f4 28. e4 Kf7 29. Kg2 Ke6 30. Ra2 Be7 31. Bc1 g5 32. Rc2 c4 33. Ra5 h6 34.
Rca2 Rbb6 35. Kf1 Bb4 36. R5a4 a5 37. Ke2 Rd6 38. Rc2 c3 39. Ra1 Rd7 40. Rb1
Rbd6 41. Rb3 Rd1 42. Ba3 Rh1 43. Bxb4 axb4 44. Rxb4 Rdd1 45. Rb6+ Kf7 46. Rxc3
Rhe1# 0-1

[Event "4NCL Division 3 North"]
[Site "Doncaster, ENG"]
[Date "2017.11.12"]
[Round "2.93"]
[White "Plaza Reino, Mercedes"]
[Black "Adam, David W"]
[Result "1-0"]
[WhiteElo "1816"]
[BlackElo "1787"]
[PlyCount "89"]
[EventDate "2017.11.12"]
[WhiteTeam "Enniscorthy"]
[BlackTeam "Bradford DCA Knights C"]

1. d4 Nf6 2. Nf3 g6 3. Bf4 Bg7 4. e3 d6 5. h3 b6 6. Be2 Bb7 7. O-O Nbd7 8. Nbd2
O-O 9. c3 Re8 10. Bh2 c5 11. a4 a6 12. Ne1 e5 13. Nc2 Rc8 14. Bf3 e4 15. Be2 d5
16. Rc1 c4 17. b3 b5 18. axb5 axb5 19. bxc4 dxc4 20. Nb4 Nd5 21. Nxd5 Bxd5 22.
Ra1 Nb6 23. Qc2 f5 24. Rfb1 Bc6 25. Rb2 Nd5 26. Nb1 Bh6 27. Na3 f4 28. exf4
Bxf4 29. Bxf4 Nxf4 30. Nxb5 Nd3 31. Rbb1 Qf6 32. Bg4 Rb8 33. Na3 Rxb1+ 34. Rxb1
e3 35. fxe3 Rxe3 36. Rf1 Qh4 37. Nxc4 Rg3 38. Be6+ Kg7 39. Rf7+ Kh6 40. Qd2+ g5
41. Ne3 Be4 42. Nf5+ Bxf5 43. Bxf5 Rxg2+ 44. Qxg2 Qe1+ 45. Kh2 1-0

[Event "4NCL Division 3 North"]
[Site "Doncaster, ENG"]
[Date "2017.11.12"]
[Round "2.94"]
[White "Clarke, Paul Rh"]
[Black "Pocevicius, Dovydas"]
[Result "1/2-1/2"]
[WhiteElo "1765"]
[BlackElo "1679"]
[PlyCount "75"]
[EventDate "2017.11.12"]
[WhiteTeam "Bradford DCA Knights C"]
[BlackTeam "Enniscorthy"]

1. d4 Nf6 2. Bf4 d6 3. e3 g6 4. h3 Bg7 5. Nf3 O-O 6. Be2 c5 7. c3 Bf5 8. dxc5
dxc5 9. O-O Qb6 10. Qb3 Qxb3 11. axb3 Nc6 12. Nbd2 Rfd8 13. Nc4 Bd3 14. Bxd3
Rxd3 15. Na5 Nxa5 16. Rxa5 b6 17. Ra4 a5 18. b4 cxb4 19. cxb4 Nd5 20. bxa5 bxa5
21. Be5 f6 22. Bd4 e5 23. Bc5 f5 24. b4 e4 25. Ng5 Bc3 26. bxa5 Rxa5 27. Rxa5
Bxa5 28. Ra1 Bb6 29. Ra8+ Kg7 30. Bxb6 Nxb6 31. Ra7+ Rd7 32. Ra6 Nc4 33. Ne6+
Kh6 34. Nd4 Kg5 35. g3 Rb7 36. Kg2 Rb2 37. Kg1 Rb1+ 38. Kg2 1/2-1/2